Konspirace mocných a bohatých : osm nových zákonů peněz /

Hlavní autor: Kiyosaki, Robert T., 1947-
Jazyk: Čeština
Vydáno: Hodkovičky [Praha] : Pragma, c2010
Témata:
Externí odkaz: Digitalizovaný dokument
Fyzický popis: xi, 266 s. : il. ; 22 cm
Knihy
Uloženo v:
LEADER 01722cam a2200445 a 4500
001 nkc20102104493
003 CZ PrNK
005 20111018122203.0
007 ta
008 100324s2010 xr a e f 000 0 cze d
015 |a cnb002104493 
020 |a 978-80-7349-209-0  |q (váz.) 
035 |a (OCoLC)741401611 
040 |a KLG001  |b cze  |d BOA001  |d ABA001 
041 1 |a cze  |h eng 
072 7 |a 336.7  |x Finance  |2 Konspekt  |9 4 
080 |a 336.74  |2 MRF 
080 |a 336  |2 MRF 
080 |a 336.7:17.024.4  |2 MRF 
080 |a (0.062)  |2 MRF 
100 1 |a Kiyosaki, Robert T.,  |d 1947-  |7 jn20020717679  |4 aut 
245 1 0 |a Konspirace mocných a bohatých :  |b osm nových zákonů peněz /  |c Robert T. Kiyosaki ; [z anglického originálu ... přeložila Hana Eassey] 
260 |a Hodkovičky [Praha] :  |b Pragma,  |c c2010 
300 |a xi, 266 s. :  |b il. ;  |c 22 cm 
500 |a Obálkový podnázev: první kniha Bohatého táty napsaná online v době, kdy se píše historie světové finanční krize 
650 0 7 |a peníze  |7 ph115711  |2 czenas 
650 0 7 |a finance  |7 ph114548  |2 czenas 
650 0 7 |a finanční úspěch  |7 ph120243  |2 czenas 
650 0 9 |a money  |2 eczenas 
650 0 9 |a finance  |2 eczenas 
650 0 9 |a financial success  |2 eczenas 
655 7 |a populárně-naučné publikace  |7 fd131864  |2 czenas 
655 9 |a popular works  |2 eczenas 
765 0 |t Rich dad's conspiracy of the rich  |9 Česky 
856 4 1 |u http://www.digitalniknihovna.cz/mzk/uuid/uuid:4e057d70-9dba-11e7-920d-005056827e51  |y Digitalizovaný dokument  |x NDK 
910 2 |a BOA001  |b 2-1249.802 
990 |a BK 
995 |a 01 
991 |b 201010  |c NOV  |e n 
996 6 |b 2610448378  |c 2-1249.802  |l MZK  |r Sklad / do 1 hodiny  |n 9  |p p.v.  |w 001147214  |u 000010  |a 1  |e BOA001  |j MZK50  |s P